00300nam a22001097a 4500041000900000082001600009100002900025245003400054260004400088300001100132650004700143 aURDU a922.97bBHA a"Bhatti, Mohammad Ishaq" aMoulana Abul Kalam Azad Rh :  aNew DelhibAl-Balagh Publicationsc2012 a159 P. aAuto- Biography of Moulana Abul Kalam Azad